[Event "Cappelle-la-Grande op"]
[Site "Cappelle-la-Grande FRA"]
[Date "2024.03.03"]
[Round "2.11"]
[White "Lesueur, Gabriel"]
[Black "Panjwani, Raja"]
[Result "1-0"]
[WhiteElo "2207"]
[BlackElo "2468"]
[PlyCount "135"]
[EventDate "2024.03.02"]
[EventType "swiss"]
[EventRounds "9"]
[EventCountry "FRA"]
[Source "ChessMix"]
[SourceDate "2024.03.10"]
[TimeControl "40/5400+30:1800+30"]

1. e4 {[%emt 0:00:07]} c5 {[%emt 0:00:29]} 2. Nf3 {[%emt 0:00:08]} Nc6 {
[%emt 0:00:07]} 3. Nc3 {[%emt 0:00:06]} g6 {[%emt 0:00:07]} 4. d4 {
[%emt 0:00:05]} cxd4 {[%emt 0:00:08]} 5. Nxd4 {[%emt 0:00:06]} Bg7 {
[%emt 0:00:11]} 6. Be3 {[%emt 0:00:07]} Nf6 {[%emt 0:00:06]} 7. Nxc6 {
[%emt 0:00:07]} bxc6 {[%emt 0:00:06]} 8. e5 {[%emt 0:00:05]} Ng8 {
[%emt 0:00:10]} 9. f4 {[%emt 0:00:05]} Nh6 {[%emt 0:03:09]} 10. h3 {
[%emt 0:00:07]} O-O {[%emt 0:12:09]} 11. g4 {[%emt 0:00:56]} f6 {[%emt 0:00:23]
} 12. exf6 {[%emt 0:00:07]} Bxf6 {[%emt 0:08:26]} 13. Qd2 {[%emt 0:00:18]} Qa5
{[%emt 0:18:34]} 14. Bc4+ {[%emt 0:21:58]} Nf7 {[%emt 0:00:21]} 15. O-O {
[%emt 0:00:32]} Qb4 {[%emt 0:16:44]} 16. Bb3 {[%emt 0:13:49]} a5 {
[%emt 0:00:09]} 17. a3 {[%emt 0:09:27]} Qb8 {[%emt 0:00:17]} 18. Bd4 {
[%emt 0:00:49]} Qd6 {[%emt 0:08:00]} 19. Rad1 {[%emt 0:01:14]} Qxd4+ {
[%emt 0:00:11]} 20. Qxd4 {[%emt 0:00:05]} Bxd4+ {[%emt 0:00:05]} 21. Rxd4 {
[%emt 0:00:05]} d5 {[%emt 0:00:15]} 22. Kh2 {[%emt 0:17:18]} e6 {[%emt 0:03:25]
} 23. Na4 {[%emt 0:07:53]} Ba6 {[%emt 0:11:47]} 24. c4 {[%emt 0:08:04]} e5 {
[%emt 0:01:28]} 25. Rdd1 {[%emt 0:11:52]} dxc4 {[%emt 0:01:28]} 26. Ba2 {
[%emt 0:00:33]} Rab8 {[%emt 0:00:21]} 27. Rf2 {[%emt 0:02:41]} Ng5 {
[%emt 0:03:17]} 28. Nc5 {[%emt 0:00:25]} Rxf4 {[%emt 0:00:42]} 29. Rc2 {
[%emt 0:01:54]} Bb5 {[%emt 0:01:31]} 30. a4 {[%emt 0:01:45]} Rbf8 {
[%emt 0:00:06]} 31. axb5 {[%emt 0:00:41]} cxb5 {[%emt 0:00:04]} 32. Bb1 {
[%emt 0:01:52]} Rf2+ {[%emt 0:00:26]} 33. Rxf2 {[%emt 0:00:03]} Rxf2+ {
[%emt 0:00:06]} 34. Kg3 {[%emt 0:00:07]} Rxb2 {[%emt 0:00:54]} 35. h4 {
[%emt 0:00:00]} Nf7 {[%emt 0:00:14]} 36. Be4 {[%emt 0:00:33]} c3 {
[%emt 0:01:21]} 37. Rf1 {[%emt 0:02:20]} Nd8 {[%emt 0:03:00]} 38. Nd7 {
[%emt 0:00:29]} Kg7 {[%emt 0:01:03]} 39. Nxe5 {[%emt 0:00:35]} b4 {
[%emt 0:00:45]} 40. Nc4 {[%emt 0:00:30]} Re2 {[%emt 0:05:01]} 41. Bd3 {
[%emt 0:07:33]} Re7 {[%emt 0:00:30]} 42. Nxa5 {[%emt 0:00:56]} Re5 {
[%emt 0:03:53]} 43. Nb3 {[%emt 0:03:06]} Ne6 {[%emt 0:11:19]} 44. Kf3 {
[%emt 0:02:16]} h6 {[%emt 0:06:19]} 45. Ra1 {[%emt 0:01:54]} g5 {[%emt 0:01:17]
} 46. h5 {[%emt 0:00:50]} Nf4 {[%emt 0:00:30]} 47. Be4 {[%emt 0:01:43]} Re7 {
[%emt 0:09:02]} 48. Nd4 {[%emt 0:04:16]} Rc7 {[%emt 0:00:28]} 49. Bc2 {
[%emt 0:03:07]} Rd7 {[%emt 0:00:42]} 50. Nf5+ {[%emt 0:01:48]} Kf6 {
[%emt 0:00:02]} 51. Ra6+ {[%emt 0:04:12]} Ke5 {[%emt 0:00:08]} 52. Ra5+ {
[%emt 0:00:04]} Rd5 {[%emt 0:02:25]} 53. Rxd5+ {[%emt 0:00:28]} Kxd5 {
[%emt 0:00:01]} 54. Bb3+ {[%emt 0:00:01]} Ke5 {[%emt 0:00:22]} 55. Nxh6 {
[%emt 0:03:12]} Kd4 {[%emt 0:00:50]} 56. Nf5+ {[%emt 0:00:31]} Kd3 {
[%emt 0:00:12]} 57. Ne3 {[%emt 0:00:36]} Kd2 {[%emt 0:00:51]} 58. h6 {
[%emt 0:00:46]} Ng6 {[%emt 0:01:45]} 59. h7 {[%emt 0:00:20]} Nh8 {
[%emt 0:00:44]} 60. Ke4 {[%emt 0:00:34]} Ke2 {[%emt 0:00:01]} 61. Kf5 {
[%emt 0:01:16]} Kxe3 {[%emt 0:00:15]} 62. Kf6 {[%emt 0:00:01]} Kd2 {
[%emt 0:00:12]} 63. Kg7 {[%emt 0:00:05]} c2 {[%emt 0:01:15]} 64. Bxc2 {
[%emt 0:00:16]} Kxc2 {[%emt 0:00:03]} 65. Kxh8 {[%emt 0:00:05]} b3 {
[%emt 0:00:02]} 66. Kg7 {[%emt 0:00:08]} b2 {[%emt 0:00:03]} 67. h8=Q {
[%emt 0:00:08]} b1=Q {[%emt 0:00:04]} 68. Qh7+ {[%emt 0:00:06]} 1-0

[Event "Cappelle-la-Grande op"]
[Site "Cappelle-la-Grande FRA"]
[Date "2024.03.06"]
[Round "6.17"]
[White "Degardin, Sylvain"]
[Black "Panjwani, Raja"]
[Result "0-1"]
[WhiteElo "2235"]
[BlackElo "2468"]
[PlyCount "72"]
[EventDate "2024.03.02"]
[EventType "swiss"]
[EventRounds "9"]
[EventCountry "FRA"]
[Source "ChessMix"]
[SourceDate "2024.03.10"]

1. e4 c5 2. Nf3 Nc6 3. d4 cxd4 4. Nxd4 e5 5. Nb5 d6 6. N1c3 a6 7. Na3 Be6 8.
Nc4 b5 9. Ne3 Nf6 10. Bd3 g6 11. O-O Bg7 12. Ned5 O-O 13. Bg5 b4 14. Qf3 bxc3
15. Nxf6+ Bxf6 16. Bxf6 Nd4 17. Bxd8 Nxf3+ 18. gxf3 cxb2 19. Rab1 Rfxd8 20.
Rxb2 Rdb8 21. Rfb1 Rxb2 22. Rxb2 a5 23. a3 Rc8 24. Rb5 Rc5 25. Rxc5 dxc5 26. c4
Bh3 27. Bf1 Bxf1 28. Kxf1 Kg7 29. Kg2 Kh6 30. Kg3 Kg5 31. a4 f6 32. h3 h6 33.
h4+ Kh5 34. Kh3 g5 35. f4 exf4 36. f3 Kg6 0-1

[Event "Cappelle-la-Grande op"]
[Site "Cappelle-la-Grande FRA"]
[Date "2024.03.06"]
[Round "7.11"]
[White "Panjwani, Raja"]
[Black "Molenda, Marcin"]
[Result "1-0"]
[WhiteElo "2468"]
[BlackElo "2377"]
[PlyCount "75"]
[EventDate "2024.03.02"]
[EventType "swiss"]
[EventRounds "9"]
[EventCountry "FRA"]
[Source "ChessMix"]
[SourceDate "2024.03.10"]

1. Nf3 d5 2. g3 Nf6 3. Bg2 c5 4. O-O e6 5. c4 d4 6. e3 Nc6 7. exd4 cxd4 8. d3
Bd6 9. Bg5 h6 10. Bxf6 Qxf6 11. Nbd2 Qe7 12. Re1 O-O 13. a3 a5 14. Nb3 Qf6 15.
c5 Bc7 16. Rc1 Rd8 17. Nfd2 Bd7 18. Nc4 Be8 19. Nbd2 Qe7 20. Ne4 Rab8 21. f4 b5
22. cxb6 Bxb6 23. f5 Bc7 24. Ned2 Rb5 25. fxe6 fxe6 26. Qg4 Ne5 27. Nxe5 Bxe5
28. Bc6 Rxb2 29. Nc4 Bxc6 30. Nxb2 Ba8 31. Rxe5 Qb7 32. Qxe6+ Kh8 33. Re4 Qxb2
34. Rc8 Qb1+ 35. Kf2 Rxc8 36. Qxc8+ Kh7 37. Qf5+ Kg8 38. Re8# 1-0

[Event "Cappelle-la-Grande op"]
[Site "Cappelle-la-Grande FRA"]
[Date "2024.03.07"]
[Round "8.8"]
[White "Nanjo, Ryosuke"]
[Black "Panjwani, Raja"]
[Result "1-0"]
[WhiteElo "2346"]
[BlackElo "2468"]
[PlyCount "129"]
[EventDate "2024.03.02"]
[EventType "swiss"]
[EventRounds "9"]
[EventCountry "FRA"]
[Source "ChessMix"]
[SourceDate "2024.03.10"]
[TimeControl "40/5400+30:1800+30"]

1. e4 {[%emt 0:00:04]} e5 {[%emt 0:00:09]} 2. Nf3 {[%emt 0:00:04]} Nc6 {
[%emt 0:00:07]} 3. Bb5 {[%emt 0:00:05]} a6 {[%emt 0:00:10]} 4. Ba4 {
[%emt 0:00:04]} Nf6 {[%emt 0:00:09]} 5. O-O {[%emt 0:00:08]} Be7 {
[%emt 0:00:04]} 6. d3 {[%emt 0:00:26]} d6 {[%emt 0:00:28]} 7. c3 {
[%emt 0:00:25]} Bg4 {[%emt 0:01:16]} 8. Re1 {[%emt 0:01:53]} Nd7 {
[%emt 0:00:10]} 9. Be3 {[%emt 0:05:42]} h6 {[%emt 0:00:15]} 10. Nbd2 {
[%emt 0:01:54]} Bg5 {[%emt 0:00:37]} 11. Nf1 {[%emt 0:04:06]} Qf6 {
[%emt 0:13:59]} 12. Ng3 {[%emt 0:03:58]} Bxf3 {[%emt 0:09:04]} 13. Qxf3 {
[%emt 0:00:12]} Qxf3 {[%emt 0:00:09]} 14. gxf3 {[%emt 0:00:03]} g6 {
[%emt 0:12:32]} 15. Ne2 {[%emt 0:10:25]} O-O-O {[%emt 0:11:53]} 16. d4 {
[%emt 0:08:37]} Bxe3 {[%emt 0:00:58]} 17. fxe3 {[%emt 0:00:02]} Nb6 {
[%emt 0:00:26]} 18. Bxc6 {[%emt 0:06:46]} bxc6 {[%emt 0:00:05]} 19. Kf2 {
[%emt 0:01:51]} Kd7 {[%emt 0:02:10]} 20. Rad1 {[%emt 0:01:32]} Ke6 {
[%emt 0:01:44]} 21. Nc1 {[%emt 0:02:20]} f6 {[%emt 0:03:01]} 22. Nd3 {
[%emt 0:01:33]} a5 {[%emt 0:00:10]} 23. b3 {[%emt 0:04:21]} Nd7 {[%emt 0:10:19]
} 24. c4 {[%emt 0:05:14]} Ke7 {[%emt 0:01:02]} 25. c5 {[%emt 0:08:43]} dxc5 {
[%emt 0:03:30]} 26. dxe5 {[%emt 0:01:42]} Nxe5 {[%emt 0:17:34]} 27. Nxc5 {
[%emt 0:01:50]} Rd6 {[%emt 0:00:08]} 28. Rd4 {[%emt 0:06:14]} Rb8 {
[%emt 0:01:09]} 29. Ke2 {[%emt 0:00:53]} Rb5 {[%emt 0:01:13]} 30. Rc1 {
[%emt 0:01:59]} g5 {[%emt 0:02:23]} 31. Na4 {[%emt 0:09:28]} g4 {[%emt 0:01:29]
} 32. f4 {[%emt 0:07:48]} Nd7 {[%emt 0:01:12]} 33. Rg1 {[%emt 0:02:32]} Rh5 {
[%emt 0:00:48]} 34. Rxg4 {[%emt 0:00:11]} Rxh2+ {[%emt 0:00:10]} 35. Kd3 {
[%emt 0:00:33]} Kf7 {[%emt 0:00:13]} 36. Nc3 {[%emt 0:02:47]} h5 {
[%emt 0:01:40]} 37. Rg1 {[%emt 0:00:18]} h4 {[%emt 0:00:14]} 38. a3 {
[%emt 0:01:30]} Rh3 {[%emt 0:02:40]} 39. b4 {[%emt 0:00:35]} axb4 {
[%emt 0:00:29]} 40. axb4 {[%emt 0:00:02]} Rxd4+ {[%emt 0:01:17]} 41. Kxd4 {
[%emt 0:30:50]} Rg3 {[%emt 0:31:04]} 42. Rh1 {[%emt 0:00:00]} h3 {
[%emt 0:00:00]} 43. Kd3 {[%emt 0:00:00]} Nb8 {[%emt 0:00:00]} 44. Ne2 {
[%emt 0:00:00]} Rg8 {[%emt 0:00:00]} 45. Rxh3 {[%emt 0:00:00]} Na6 {
[%emt 0:00:00]} 46. Nd4 {[%emt 0:00:00]} c5 {[%emt 0:00:00]} 47. b5 {
[%emt 0:00:00]} Nb4+ {[%emt 0:00:00]} 48. Kc4 {[%emt 0:00:00]} cxd4 {
[%emt 0:00:00]} 49. Kxb4 {[%emt 0:00:00]} Rd8 {[%emt 0:00:00]} 50. Kc4 {
[%emt 0:00:00]} d3 {[%emt 0:00:00]} 51. Rh1 {[%emt 0:00:00]} d2 {[%emt 0:00:00]
} 52. Rd1 {[%emt 0:00:00]} Ke6 {[%emt 0:00:00]} 53. Kc3 {[%emt 0:00:21]} Rb8 {
[%emt 0:00:00]} 54. Rxd2 {[%emt 0:02:18]} Rxb5 {[%emt 0:00:00]} 55. Kc4 {
[%emt 0:00:18]} Rb1 {[%emt 0:00:00]} 56. Rh2 {[%emt 0:02:43]} Re1 {
[%emt 0:01:56]} 57. Kd3 {[%emt 0:00:50]} c5 {[%emt 0:00:42]} 58. Rh6 {
[%emt 0:00:30]} Ke7 {[%emt 0:00:19]} 59. Rh7+ {[%emt 0:02:02]} Ke6 {
[%emt 0:00:23]} 60. f5+ {[%emt 0:00:27]} Kd6 {[%emt 0:00:04]} 61. Rf7 {
[%emt 0:00:05]} c4+ {[%emt 0:02:03]} 62. Kxc4 {[%emt 0:00:21]} Rc1+ {
[%emt 0:00:08]} 63. Kd3 {[%emt 0:00:07]} Rc6 {[%emt 0:00:15]} 64. Rxf6+ {
[%emt 0:00:23]} Ke5 {[%emt 0:00:03]} 65. Re6+ {[%emt 0:00:18]} 1-0

[Event "Northumbria GM Pool"]
[Site "Newcastle upon Tyne ENG"]
[Date "2023.08.24"]
[Round "1.2"]
[White "Panjwani, Raja"]
[Black "Trost, Edvin"]
[Result "0-1"]
[WhiteElo "2469"]
[BlackElo "2442"]
[PlyCount "58"]
[EventDate "2023.08.24"]
[EventType "schev"]
[EventRounds "8"]
[EventCountry "ENG"]
[Source "Mark Crowther"]
[SourceDate "2023.09.04"]
[WhiteTeam "IMs"]
[BlackTeam "FMs"]

1. Nf3 Nf6 2. g3 g6 3. Bg2 Bg7 4. O-O c5 5. c3 d5 6. d4 Qa5 7. Nfd2 cxd4 8. Nb3
Qd8 9. cxd4 Ne4 10. f3 Nd6 11. e4 O-O 12. Nc3 e6 13. Bf4 Nc4 14. Qe2 Nc6 15.
Rad1 a5 16. a4 b6 17. Qf2 Ba6 18. Rfe1 Ra7 19. Bf1 Nb4 20. h4 h6 21. Na1 dxe4
22. fxe4 Rd7 23. Nb3 e5 24. dxe5 Nxe5 25. Bxa6 Nxa6 26. Nd5 Nb4 27. Bxe5 Bxe5
28. Qxb6 Rxd5 29. Qxd8 Rdxd8 0-1

[Event "Northumbria GM Pool"]
[Site "Newcastle upon Tyne ENG"]
[Date "2023.08.24"]
[Round "2.2"]
[White "Fernandez, Dan SIN"]
[Black "Panjwani, Raja"]
[Result "1-0"]
[WhiteElo "2529"]
[BlackElo "2469"]
[PlyCount "93"]
[EventDate "2023.08.24"]
[EventType "schev"]
[EventRounds "8"]
[EventCountry "ENG"]
[Source "Mark Crowther"]
[SourceDate "2023.09.04"]
[WhiteTeam "GMs"]
[BlackTeam "IMs"]

1. Nf3 Nf6 2. b3 g6 3. Bb2 Bg7 4. g3 O-O 5. Bg2 d6 6. d4 b5 7. Nfd2 c6 8. O-O
Bb7 9. c4 bxc4 10. Nxc4 a5 11. Nbd2 Nbd7 12. e4 d5 13. e5 Ne8 14. Ne3 Qb6 15.
f4 Nc7 16. Nf3 a4 17. h4 axb3 18. Qxb3 Qxb3 19. axb3 e6 20. Rfc1 Rxa1 21. Rxa1
Rb8 22. Bf1 Bf8 23. Ra7 Nb5 24. Bxb5 cxb5 25. Nc2 b4 26. Bc1 Bc6 27. Bd2 Bb5
28. Bxb4 Bd3 29. Rxd7 Bxc2 30. Bd6 Bxd6 31. exd6 Bf5 32. Rc7 Rd8 33. d7 e5 34.
Rc8 Rxc8 35. dxc8=Q+ Bxc8 36. dxe5 f6 37. Kf2 Kf7 38. Ke3 fxe5 39. fxe5 Ke6 40.
g4 Ke7 41. Kf4 h6 42. Nd4 Kd7 43. b4 Kc7 44. b5 Kb6 45. e6 Kc5 46. Ke5 g5 47.
h5 1-0

[Event "Northumbria GM Pool"]
[Site "Newcastle upon Tyne ENG"]
[Date "2023.08.25"]
[Round "3.1"]
[White "Panjwani, Raja"]
[Black "Willow, Jonah B"]
[Result "1/2-1/2"]
[WhiteElo "2469"]
[BlackElo "2414"]
[PlyCount "86"]
[EventDate "2023.08.24"]
[EventType "schev"]
[EventRounds "8"]
[EventCountry "ENG"]
[Source "Mark Crowther"]
[SourceDate "2023.09.04"]
[WhiteTeam "IMs"]
[BlackTeam "ENG IMs"]

1. Nf3 d5 2. g3 g6 3. Bg2 Bg7 4. d4 c6 5. O-O Nf6 6. c4 dxc4 7. Nc3 b5 8. Ne5
Nd5 9. a4 b4 10. Ne4 O-O 11. Nxc4 Nd7 12. Bf4 Ba6 13. Ne5 Nxe5 14. Bxe5 Bxe5
15. dxe5 Nb6 16. Qc1 Qd4 17. Qf4 Rad8 18. e3 Qxb2 19. Rfb1 Qc2 20. Rc1 Qb2 21.
Rab1 Qa2 22. Qh6 f6 23. exf6 exf6 24. Rxb4 Bd3 25. Nc5 Qa3 26. Nxd3 Rxd3 27.
Rbb1 Rc3 28. Rxc3 Qxc3 29. Qf4 Qc2 30. Be4 Qxa4 31. Qf3 Rc8 32. Rc1 c5 33. Rd1
f5 34. Bd5+ Kg7 35. e4 Nxd5 36. exd5 c4 37. Qc3+ Kg8 38. Qd4 Qd7 39. d6 g5 40.
Qd5+ Kh8 41. Qd4+ Kg8 42. Qd5+ Kf8 43. Qd4 Kg8 1/2-1/2

[Event "Northumbria GM Pool"]
[Site "Newcastle upon Tyne ENG"]
[Date "2023.08.25"]
[Round "4.1"]
[White "Jackson, J."]
[Black "Panjwani, Raja"]
[Result "0-1"]
[WhiteElo "2390"]
[BlackElo "2469"]
[PlyCount "38"]
[EventDate "2023.08.24"]
[EventType "schev"]
[EventRounds "8"]
[EventCountry "ENG"]
[Source "Mark Crowther"]
[SourceDate "2023.09.04"]
[WhiteTeam "ENG IMs"]
[BlackTeam "IMs"]

1. d4 Nf6 2. c4 e6 3. Nc3 Bb4 4. e3 b6 5. Nge2 Ne4 6. Qc2 Bb7 7. a3 Bxc3+ 8.
Nxc3 Nxc3 9. Qxc3 Qh4 10. b4 d6 11. Bb2 Nd7 12. Be2 Bxg2 13. Rg1 Qxh2 14. O-O-O
h5 15. e4 e5 16. Qe1 h4 17. f3 h3 18. Qf2 Nf6 19. Kc2 Ng4 0-1

[Event "Northumbria GM Pool"]
[Site "Newcastle upon Tyne ENG"]
[Date "2023.08.26"]
[Round "5.2"]
[White "Panjwani, Raja"]
[Black "Zhang Pengxiang"]
[Result "1/2-1/2"]
[WhiteElo "2469"]
[BlackElo "2554"]
[PlyCount "106"]
[EventDate "2023.08.24"]
[EventType "schev"]
[EventRounds "8"]
[EventCountry "ENG"]
[Source "Mark Crowther"]
[SourceDate "2023.09.04"]
[WhiteTeam "IMs"]
[BlackTeam "GMs"]

1. Nf3 Nf6 2. c4 g6 3. d4 Bg7 4. g3 O-O 5. Bg2 d5 6. cxd5 Nxd5 7. O-O Nb6 8.
Nc3 Nc6 9. e3 Re8 10. a3 a5 11. d5 Ne5 12. Nxe5 Bxe5 13. Qc2 e6 14. dxe6 Rxe6
15. f4 Bg7 16. e4 Qd4+ 17. Kh1 Bd7 18. f5 Ree8 19. Bf4 Qc5 20. Rac1 gxf5 21.
Qd1 Bc6 22. Nd5 Qd4 23. Nxc7 Qxd1 24. Rcxd1 fxe4 25. Nxa8 Rxa8 26. b4 axb4 27.
axb4 Re8 28. Rfe1 Bc3 29. b5 Bd5 30. Re3 Be5 31. Bxe5 Rxe5 32. g4 Nc4 33. Re2
Kg7 34. h4 Be6 35. Bxe4 Rxb5 36. Rc1 Rb4 37. Rd1 f5 38. Bd5 Bxd5+ 39. Rxd5 h6
40. Rd4 Rb3 41. Rf4 Re3 42. Rxf5 Nd6 43. Rd5 Ne4 44. Rb5 Rh3+ 45. Kg2 Rxh4 46.
Kf3 Ng5+ 47. Kg3 Rh3+ 48. Kg2 Ra3 49. Rb1 Rd3 50. Rbb2 Rd4 51. Rb4 Rd3 52. Rbb2
Rd4 53. Rb4 Rd3 1/2-1/2

[Event "Northumbria GM Pool"]
[Site "Newcastle upon Tyne ENG"]
[Date "2023.08.26"]
[Round "6.2"]
[White "Tanmay, Chopra"]
[Black "Panjwani, Raja"]
[Result "1-0"]
[WhiteElo "2377"]
[BlackElo "2469"]
[PlyCount "95"]
[EventDate "2023.08.24"]
[EventType "schev"]
[EventRounds "8"]
[EventCountry "ENG"]
[Source "Mark Crowther"]
[SourceDate "2023.09.04"]
[WhiteTeam "FMs"]
[BlackTeam "IMs"]

1. d4 Nf6 2. c4 e6 3. Nc3 Bb4 4. e3 Bxc3+ 5. bxc3 b6 6. Bd3 Bb7 7. f3 c5 8. Ne2
Nc6 9. e4 d6 10. O-O Nd7 11. f4 Qe7 12. d5 Na5 13. Ng3 O-O-O 14. Rb1 h5 15. Nh1
Ba6 16. Nf2 e5 17. f5 Bxc4 18. Bxc4 Nxc4 19. Qd3 Na5 20. Qa6+ Kc7 21. Qxa7+ Nb7
22. Qa4 Ra8 23. Qc2 Ra6 24. c4 Nf6 25. Rb3 Rha8 26. a3 Qd7 27. Nd1 Kc8 28. Rff3
Na5 29. Rb1 Rb8 30. Qe2 Qa4 31. Nb2 Qe8 32. a4 Kb7 33. Bg5 Qh8 34. Nd1 h4 35.
Rh3 Qh5 36. Qxh5 Nxh5 37. Rxh4 Rh8 38. g4 f6 39. Bc1 Nxc4 40. Nc3 Raa8 41. gxh5
Rh7 42. Rg4 Rah8 43. h6 gxh6 44. Rg6 h5 45. h4 Rf8 46. Kf1 Rff7 47. Ke2 Rhg7
48. Bh6 1-0

[Event "Northumbria GM Pool"]
[Site "Newcastle upon Tyne ENG"]
[Date "2023.08.27"]
[Round "8.2"]
[White "Maksimenko, An"]
[Black "Panjwani, Raja"]
[Result "1/2-1/2"]
[WhiteElo "2428"]
[BlackElo "2469"]
[PlyCount "25"]
[EventDate "2023.08.24"]
[EventType "schev"]
[EventRounds "8"]
[EventCountry "ENG"]
[Source "Mark Crowther"]
[SourceDate "2023.09.04"]
[WhiteTeam "GMs"]
[BlackTeam "IMs"]

1. d4 d5 2. c4 c6 3. cxd5 cxd5 4. Nf3 Nf6 5. Nc3 Nc6 6. Bf4 Bf5 7. e3 e6 8. Rc1
Bd6 9. Bxd6 Qxd6 10. Be2 O-O 11. O-O Ne4 12. Nxe4 Bxe4 13. Nd2 1/2-1/2

[Event "Northumbria GM Pool"]
[Site "Newcastle upon Tyne ENG"]
[Date "2023.08.28"]
[Round "9.1"]
[White "Panjwani, Raja"]
[Black "Wadsworth, Matthew J"]
[Result "1-0"]
[WhiteElo "2469"]
[BlackElo "2445"]
[PlyCount "141"]
[EventDate "2023.08.24"]
[EventType "schev"]
[EventRounds "8"]
[EventCountry "ENG"]
[Source "Mark Crowther"]
[SourceDate "2023.09.04"]
[WhiteTeam "IMs"]
[BlackTeam "ENG IMs"]

1. d4 d5 2. c4 c6 3. cxd5 cxd5 4. Nf3 Nf6 5. Nc3 Nc6 6. Bf4 Bf5 7. Qb3 Na5 8.
Qa4+ Bd7 9. Qc2 e6 10. e3 Bb4 11. Bd3 Nh5 12. Be5 f6 13. Bg3 f5 14. Bh4 Nf6 15.
g4 fxg4 16. Ne5 Qc7 17. Bxh7 O-O-O 18. Bg3 Rxh7 19. Nxg4 Qc4 20. Nxf6 gxf6 21.
Qxh7 Bxc3+ 22. bxc3 e5 23. Rc1 exd4 24. Qh4 d3 25. Qxc4+ Nxc4 26. Rd1 Bf5 27.
h4 Kd7 28. h5 Ke6 29. h6 Kf7 30. Bf4 Rg8 31. f3 Nb2 32. h7 Rh8 33. Rb1 d2+ 34.
Kxd2 Nc4+ 35. Ke2 Bxb1 36. Rxb1 b6 37. Rh1 Kg6 38. Kd3 Rxh7 39. Rxh7 Kxh7 40.
e4 Nb2+ 41. Kc2 Na4 42. exd5 Nc5 43. Bb8 a6 44. Ba7 Nd7 45. Kd3 Kg6 46. Kd4 Kf7
47. c4 Ke7 48. f4 f5 49. a3 Kd8 50. d6 Kc8 51. c5 bxc5+ 52. Bxc5 Nf6 53. Ke5
Ne4 54. Bb4 Kd7 55. Kxf5 Nf2 56. Ke5 a5 57. Bd2 Ng4+ 58. Kf5 Nf2 59. Be3 Nd3
60. Ke4 Ne1 61. Kd5 Ng2 62. Bd2 a4 63. f5 Nh4 64. f6 Ng6 65. Bh6 Nh8 66. Bf8
Nf7 67. Be7 Nh6 68. Kc5 Ke6 69. Kb5 Ng4 70. Kc6 Ne5+ 71. Kc7 1-0

[Event "Smuk Skak GM"]
[Site "Skanderborg DEN"]
[Date "2023.08.12"]
[Round "1.2"]
[White "Olsen, Filip Boe"]
[Black "Panjwani, Raja"]
[Result "1/2-1/2"]
[WhiteElo "2421"]
[BlackElo "2469"]
[PlyCount "67"]
[EventDate "2023.08.12"]
[EventType "tourn"]
[EventRounds "9"]
[EventCountry "DEN"]
[EventCategory "8"]
[Source "ChessMix"]
[SourceDate "2023.09.01"]

1. d4 Nf6 2. c4 e6 3. Nf3 Bb4+ 4. Bd2 Qe7 5. Nc3 Bxc3 6. Bxc3 Ne4 7. Qc2 Nxc3
8. Qxc3 d6 9. g3 b6 10. Bg2 Bb7 11. O-O O-O 12. Qd3 f5 13. Ne1 Bxg2 14. Nxg2
Nd7 15. e4 e5 16. exf5 exd4 17. Qxd4 Rxf5 18. Ne3 Rf7 19. Nd5 Qe5 20. Qd2 Qh5
21. Nxc7 Ne5 22. f4 Nxc4 23. Qg2 Qc5+ 24. Kh1 Rc8 25. Nd5 Ne3 26. Nxe3 Qxe3 27.
Rfe1 Qc5 28. Rad1 Qc6 29. Qxc6 Rxc6 30. Re8+ Rf8 31. Re7 Rf7 32. Re8+ Rf8 33.
Re7 Rf7 34. Re8+ 1/2-1/2

[Event "Smuk Skak GM"]
[Site "Skanderborg DEN"]
[Date "2023.08.13"]
[Round "2.2"]
[White "Panjwani, Raja"]
[Black "Rozentalis, Eduardas"]
[Result "0-1"]
[WhiteElo "2469"]
[BlackElo "2490"]
[PlyCount "70"]
[EventDate "2023.08.12"]
[EventType "tourn"]
[EventRounds "9"]
[EventCountry "DEN"]
[EventCategory "8"]
[Source "ChessMix"]
[SourceDate "2023.09.01"]

1. Nf3 Nf6 2. c4 e6 3. Nc3 Bb4 4. g4 d6 5. g5 Nfd7 6. h4 Nc6 7. Bg2 Bxc3 8.
dxc3 e5 9. h5 Nc5 10. Be3 Ne6 11. Qc2 f5 12. gxf6 Qxf6 13. Nh4 Bd7 14. O-O-O
O-O-O 15. b4 Nf4 16. Be4 Kb8 17. Kb2 Ne7 18. b5 Qf7 19. Qa4 Nc8 20. Nf3 Nb6 21.
Bxb6 axb6 22. c5 Bc8 23. c6 d5 24. Bc2 Qf6 25. e4 Ne6 26. Nd2 Nc5 27. Qb4 d4
28. f3 dxc3+ 29. Qxc3 Rd3 30. Qc4 Rd4 31. Qc3 Rd3 32. Qc4 Be6 33. Qb4 Rhd8 34.
Kc1 Qf4 35. Bb1 R3d4 0-1

[Event "Smuk Skak GM"]
[Site "Skanderborg DEN"]
[Date "2023.08.14"]
[Round "3.3"]
[White "Fromm, Marius"]
[Black "Panjwani, Raja"]
[Result "1-0"]
[WhiteElo "2458"]
[BlackElo "2469"]
[PlyCount "75"]
[EventDate "2023.08.12"]
[EventType "tourn"]
[EventRounds "9"]
[EventCountry "DEN"]
[EventCategory "8"]
[Source "ChessMix"]
[SourceDate "2023.09.01"]

1. e4 e5 2. Nf3 Nc6 3. Bc4 Bc5 4. d3 Nf6 5. O-O d6 6. c3 a6 7. Bb3 h6 8. Re1
Ba7 9. Nbd2 g5 10. Nc4 g4 11. Nfd2 h5 12. Nf1 h4 13. Be3 b5 14. Bxa7 bxc4 15.
Ba4 Bd7 16. Be3 cxd3 17. Qxd3 Nb8 18. Bxd7+ Nbxd7 19. c4 Qb8 20. Rac1 Qb7 21.
Nd2 g3 22. c5 gxf2+ 23. Bxf2 Qb5 24. Qf3 dxc5 25. Bxc5 h3 26. Bf2 Rg8 27. Qxh3
Ng4 28. Nc4 Ndf6 29. Qf3 Nxf2 30. Qxf6 Nd3 31. Rf1 Rf8 32. Rc3 Rd8 33. Kh1 Rd7
34. h3 Rd8 35. Rf5 Qa4 36. Rxe5+ Nxe5 37. Qxe5+ Kd7 38. Nb6+ 1-0

[Event "Smuk Skak GM"]
[Site "Skanderborg DEN"]
[Date "2023.08.15"]
[Round "4.3"]
[White "Panjwani, Raja"]
[Black "Pajeken, Jakob Leon"]
[Result "1/2-1/2"]
[WhiteElo "2469"]
[BlackElo "2420"]
[PlyCount "62"]
[EventDate "2023.08.12"]
[EventType "tourn"]
[EventRounds "9"]
[EventCountry "DEN"]
[EventCategory "8"]
[Source "ChessMix"]
[SourceDate "2023.09.01"]

1. d4 d5 2. c4 dxc4 3. Nf3 Nf6 4. e3 e6 5. Bxc4 c5 6. O-O Nc6 7. Nc3 a6 8. dxc5
Qxd1 9. Rxd1 Bxc5 10. Be2 O-O 11. Bd2 Rd8 12. Na4 Ba7 13. Rac1 Bd7 14. Be1 Nd4
15. Nxd4 Bxa4 16. b3 Be8 17. Bf3 Bxd4 18. Rxd4 Rxd4 19. exd4 Nd5 20. Bxd5 exd5
21. Rc7 Bc6 22. Bb4 h5 23. Be7 Kh7 24. f3 Kg6 25. Kf2 Kf5 26. Bb4 Kf6 27. h4
Re8 28. Bd6 Ke6 29. Bb4 Kf6 30. Bd2 Ke6 31. Bb4 Kf6 1/2-1/2

[Event "Smuk Skak GM"]
[Site "Skanderborg DEN"]
[Date "2023.08.16"]
[Round "5.4"]
[White "Ramsdal, Jens Albert"]
[Black "Panjwani, Raja"]
[Result "1/2-1/2"]
[WhiteElo "2383"]
[BlackElo "2469"]
[PlyCount "73"]
[EventDate "2023.08.12"]
[EventType "tourn"]
[EventRounds "9"]
[EventCountry "DEN"]
[EventCategory "8"]
[Source "ChessMix"]
[SourceDate "2023.09.01"]

1. d4 Nf6 2. c4 g6 3. Nc3 Bg7 4. e4 d6 5. h3 O-O 6. Be3 e5 7. d5 Na6 8. g4 Nc5
9. f3 a5 10. Nge2 c6 11. Ng3 h5 12. gxh5 Nxh5 13. Nxh5 Qh4+ 14. Kd2 Qxh5 15.
Kc2 Bh6 16. Qd2 Bxe3 17. Qxe3 Qh4 18. Be2 f5 19. Rag1 Kh7 20. Rg5 Bd7 21. Rhg1
Rf6 22. Bd3 Raf8 23. dxc6 bxc6 24. exf5 Bxf5 25. Bxf5 Rxf5 26. R5g4 Qf6 27. Ne4
Nxe4 28. Qxe4 d5 29. cxd5 cxd5 30. Qxd5 Rxf3 31. a3 e4 32. Kb1 Rf2 33. Qb7+ Rf7
34. Qb8 Rf8 35. Qb7+ Rf7 36. Qb8 Rf8 37. Qb7+ 1/2-1/2